La mujer nueva /

Gespeichert in:
Bibliographische Detailangaben
1. Verfasser: Laforet, Carmen (autor)
Format: Buch
Sprache:Spanisch
Veröffentlicht: Barcelona, España : Destino, 1967, c1967
Ausgabe:7a edición
Schriftenreihe:(Ancora y Delfín ; 118)
Schlagworte:
Tags: Tag hinzufügen
Keine Tags, Fügen Sie das erste Tag hinzu!

MARC

LEADER 00000nam^a2200000^a^4500
001 000562531
005 20250521000000.0
009 20260310131947.496
037 |a Acervo Xavier Clavigero 
041 |a ESP 
082 |a 863.  |b LAF 
100 |a Laforet, Carmen  |e (autor) 
245 1 3 |a La mujer nueva /  |c C. Laforet. 
250 |a 7a edición 
264 4 |a Barcelona, España :  |b Destino,  |c 1967, c1967 
300 |a 291 p. 
336 |a texto  |b txt  |2 rdacontenido 
337 |a sin mediación  |b n  |2 rdamedio 
338 |a volumen  |b nc  |2 rdasoporte 
440 1 |a (Ancora y Delfín ;  |v 118) 
545 0 |a Carmen Laforet (1921-2004), escritora española nacida en Barcelona. En 1944 y 1949 obtuvo los premios Nadal y Fastenrath por su novela Nada; en 1956, los premios Nacional de Literatura y Menorca por Mujer nueva. Sus escritos reflejan las crisis y actitudes de la sociedad española durante la época de posguerra, los ideales juveniles y las aspiraciones religiosas. Entre sus obra, además de las ya mencionadas, se encuentran La isla y los demonios, Carta a don Juan, la trilogía Tres pasos fuera del tiempo que se integraría con las novelas Insolación, Al volver la esquina y Jaque mate, pero solo se publicaron los dos primeros. 
649 |a XX 
650 |a Conversos Católicos en la Literatura 
650 |a Novela Española 
650 |a Literatura Española -  |y Siglo XX 
650 |a Literatura de Mujeres -  |z España 
650 |a Conversión -  |x Tema Principal 
650 |a Misticismo en la Literatura -  |z España 
650 |a Literatura Cristiana -  |z España 
650 |a Religión y Literatura -  |z España 
910 |a Fondo General 
920 |a Impresos - Libros 
930 |a Colección General 
940 |a Literatura 
905 |a 101 
901 |a 067794  |b IT1  |c LIT  |i 067794  |u 20250521 
902 |a https://opac.biblio.iteso.mx/vufind/Record/000562531